| 000 | 00491nam a2200169Ia 4500 | ||
|---|---|---|---|
| 999 |
_c21701 _d21701 |
||
| 003 | OSt | ||
| 005 | 20200619104952.0 | ||
| 008 | 190216s9999||||xx |||||||||||||| ||und|| | ||
| 020 | _a9789381991107 | ||
| 040 | _coclc | ||
| 082 |
_a954 _bLAL/G |
||
| 100 |
_aLal, I _93070 |
||
| 245 | 0 |
_aGlorious Ancient Indian Empires A Historical Account / _cI Lal |
|
| 260 |
_bSwastik Publications, _c2013. _aNew Delhi: |
||
| 300 | _a256p | ||
| 942 |
_cBK _2ddc _h954 _iLAL/G _k954 _mLAL/G |
||